000 00287nam a2200121Ia 4500
008 140130s9999 xx 000 0 und d
245 _cHavill, Juanita
_aJamaica tag-along
260 _bScholastic,
_c1989
440 _v1
521 _aGrade 1 - Grade 2
942 _cBK
999 _c40268
_d40268